Pamjatka po technike bezopasnosti streločniku.

Uložené v:
Podrobná bibliografia
Hlavný autor: Smirnov, P. A.
Médium: Kniha
Jazyk:Slovak
Vydané: 1954.
Tagy: Pridať tag
Žiadne tagy, Buďte prvý kto otaguje tento záznam!

MARC

LEADER 00000nam a22000004a 4500
001 000520607
005 20160909212512.0
008 160909s1954 xo e 000 0 slo d
040 |a SVKKK  |b slo  |c SVKKK  |e AACR2 
100 1 |a Smirnov, P. A. 
245 1 0 |a Pamjatka po technike bezopasnosti streločniku. 
260 |c 1954. 
500 |a Záznam revízie 
910 |a svkkk 
998 |a BK 
090 |g SCKHL  |k Sklad Pribinova prízemie  |a I.3839  |j 80522  |i 2720349523  |s Prezenčne